书目信息 |
| 题名: |
郑天挺隋唐五代史讲义
|
|
| 作者: | 郑天挺 著 ;王力平 整理 | |
| 分册: | ||
| 出版信息: | 北京 中华书局 2011.12 |
|
| 页数: | 10,250页 | |
| 开本: | 24cm | |
| 丛书名: | ||
| 单 册: | ||
| 中图分类: | K241.07 , K243.07 | |
| 科图分类: | ||
| 主题词: | 隋唐时代--古代史--研究 , 五代十国时期--古代史--研究 , 隋唐时代 , 古代史 , 五代十国时期 | |
| 电子资源: | ||
| ISBN: | 978-7-101-08211-1 | |
| 000 | 00976nam0 2200301 450 | |
| 001 | 010050030286 | |
| 005 | 20120612091436.92 | |
| 010 | @a978-7-101-08211-1@dCNY38.00 | |
| 100 | @a20120302d2011 em y0chiy50 ea | |
| 101 | 0 | @achi |
| 102 | @aCN@b110000 | |
| 105 | @ak z 000yy | |
| 106 | @ar | |
| 200 | 1 | @a郑天挺隋唐五代史讲义@9zheng tian ting sui tang wu dai shi jiang yi@f郑天挺著@g王力平[等]整理 |
| 210 | @a北京@c中华书局@d2011.12 | |
| 215 | @a10,250页@d24cm | |
| 330 | @a本书分隋代、唐代、五代及宋辽史事三个部分,内容包括:隋朝建立的背景、隋朝政治与军事、隋朝经济与社会生活、隋朝文化、唐代概说等。 | |
| 606 | 0 | @a隋唐时代@x古代史@x研究 |
| 606 | 0 | @a五代十国时期@x古代史@x研究 |
| 606 | 0 | @a隋唐时代 |
| 606 | 0 | @a古代史 |
| 606 | 0 | @a五代十国时期 |
| 690 | @aK241.07@v4 | |
| 690 | @aK243.07@v4 | |
| 701 | 0 | @a郑天挺@9zheng tian ting@4著 |
| 702 | 0 | @a王力平@9wang li ping@4整理 |
| 801 | 0 | @aCN@bRENTIAN@c20120302 |
| 905 | @b539676-80@dK241.07@e10@f5 | |
| 郑天挺隋唐五代史讲义/郑天挺著/王力平[等]整理.-北京:中华书局,2011.12 |
| 10,250页;24cm |
| ISBN 978-7-101-08211-1:CNY38.00 |
| 本书分隋代、唐代、五代及宋辽史事三个部分,内容包括:隋朝建立的背景、隋朝政治与军事、隋朝经济与社会生活、隋朝文化、唐代概说等。 |
| ● |
| 相关链接 |
|
|
|
|
正题名:郑天挺隋唐五代史讲义
索取号:K241.07/10
 
预约/预借
| 序号 | 登录号 | 条形码 | 馆藏地/架位号 | 状态 | 备注 |
| 1 | 539676 | 205396766 | 第二样本阅览室/ [索取号:K241.07/10] | 在馆 | |
| 2 | 539677 | 205396775 | 第二借阅区/ [索取号:K241.07/10] | 在馆 | |
| 3 | 539678 | 205396784 | 第二借阅区/ [索取号:K241.07/10] | 在馆 | |
| 4 | 539679 | 205396793 | 密集书库-史法系/ [索取号:K241.07/10] | 在馆 | |
| 5 | 539680 | 205396800 | 第二借阅区/ [索取号:K241.07/10] | 在馆 |